000 00272nam a2200109Ia 4500
008 190913s9999||||xx |||||||||||||| ||und||
100 _aPaul Leo
245 4 _aThe Ultimate Technical Trading Software
260 _aIndia
_bPrentice Hall
_c2000
300 _a810
942 _cBK
999 _c8316
_d8316